盜墓筆記之沙海 . 荒沙詭影 . 1
| 資料類型: | 圖書 | 書目號: | 46977 |
Leader xxxxxxxxxx 001 __ PCLIS00046977 005 __ 20220218154900.0 010 0_ |a978-986-219-833-9|b平裝|dNT$199 042 __ |anbic 100 __ |a20140502d2013 m y0chiy09 e 101 0_ |achi 102 __ |atw 105 __ |ay z 000ay 200 1_ |a盜墓筆記之沙海|h1|i荒沙詭影|f南派三叔著 205 __ |a第1版 210 __ |a新北市汐止區|c普天出版|a新北市中和區|c旭昇圖書總經銷|d2013(民102) 215 0_ |a239面|d21公分 225 2_ |a文學新樂園|v281 300 __ |a著者本名徐磊 410 _0 |12001 |a文學新樂園|v281 500 11 |a盜墓筆記 517 1_ |a荒沙詭影|zchi 681 __ |a857.7|b8564 700 _0 |a南派三叔|4著 801 _0 |atw|b內湖高中|c20140502|gCCR |